000 00765nam a22002417a 4500
005 20170124110212.0
010 _aA-284513
020 _c00.00
035 _aA-284513
037 _bCen Lib/Ret
040 _aDPL
_bEN
082 _a025.4
_bSAT
100 _aSatija, M.P.
_938307
245 _aIntroduction to the practice of Dewey Decimal Classification /
_cby M.P.Satija [and] John P.Comaromi
260 _aNew Delhi
_bSterling Publishers
_c1987
270 _bNew Delhi
_e110016
_aL-10 Green Park Extension
300 _ax,152p.
_c19cm(Hb)
500 _aIncludes index
650 _aClassification, Dewey decimal
_938308
650 _aClassification -- Books
_938309
700 _aComaromi, John P.
_9713
942 _2ddc
_cEN
_h025.4
_mSAT
999 _c133569
_d133569